000 00224nam a22001217a 4500
040 _cSY
082 _a634
100 _aVON MONIN
245 _aForest management
260 _aRUA
_bVON
_c1998
300 _a32p.
942 _cKB
999 _c8901
_d8901